00706nam a22002297a 4500003000500000005001700005008004100022010001000063011001000073035001000083040000900093100002100102245009100123260003900214300000900253490002900262650005600291700002400347700002100371710005500392830002900447CHAP20220329133742.0971013s1985 r 00010 d a10351 a11323 a10561 cCHAP00aDahlman, Carl J. aManaging technological developmentb: lessons from the newly industrializing countries aWashington ; The World Bank,c1985 a55 p aWorld Bank staff working14aInnovaciones tecnológicasxAspectos económicos.0 aRoss-Larson, Bruce.0 aWestphal, Lam E.0 aBanco Internacional de Reconstrucción y Fomento.0 aWorld Bank staff working